000 00598nam a22002057a 4500
003 koha_MIRAKIL
005 20251211111044.0
008 231213b eng||||| |||| 00| 0 eng d
020 _a9780435996178
040 _aTR-IsEVY
_btur
_cTR-IsEVY
082 _a306 PAR/M
100 _aParker, Vic
245 0 _aMy caribbean family history /
_cVic Parker.
260 _aEssex :
_bPearson,
_c2009.
300 _a32 p. :
_bcolour pictures ;
_c22 cm.
490 0 _aPearson Baccalaureate PYP Readers.
650 _aFamily.
_vDifferent Culture.
650 _aAile.
_vFarklı Kültürler.
942 _2ddc
_cBK
999 _c6502
_d6502